Every Governor of Colorado - Statistics

General Stats
  • This quiz has been taken 32 times
  • The average score is 10 of 43
Answer Stats
Picture Hint Answer % Correct
D(2019-) Jared Polis
100%
D(2011-2019) John Hickenlooper
83%
D(1955-1957) Edwin C. Johnson
42%
D(1933-1937) Edwin C. Johnson
42%
D(1950-1951) Walter Johnson
42%
D(1975-1987) Richard Lamm
33%
D(2007-2011) Bill Ritter
25%
D(1987-1999) Roy Romer
25%
R(1895-1897) Albert McIntire
17%
D(1905-1905) Alva Adams
17%
D(1897-1899) Alva Adams
17%
D(1887-1889) Alva Adams
17%
R(1885-1887) Benjamin Harrison Eaton
17%
R(1999-2007) Bill Owens
17%
D(1927-1933) Billy Adams
17%
D(1899-1901) Charles S. Thomas
17%
D(1925-1927) Clarence Morley
17%
R(1951-1955) Daniel Thornton
17%
P(1893-1895) Davis Hanson Waite
17%
D(1913-1915) Elias M. Ammons
17%
R(1879-1883) Frederick Walker Pitkin
17%
R(1915-1917) George Alfred Carlson
17%
D(1907-1909) Henry Augustus Buchtel
17%
D(1883-1885) James Benton Grant
17%
D(1901-1903) James Bradley Orman
17%
R(1905-1905) James Hamilton Peabody
17%
R(1903-1905) James Hamilton Peabody
17%
R(1905-1907) Jesse Fuller McDonald
17%
R(1889-1891) Job Adams Cooper
17%
R(1963-1973) John Arthur Love
17%
R(1943-1947) John Charles Vivian
17%
R(1973-1975) John D. Vanderhoof
17%
D(1909-1913) John F. Shafroth
17%
R(1891-1893) John Long Routt
17%
R(1876-1879) John Long Routt
17%
D(1917-1919) Julius Caldeen Gunter
17%
R(1919-1923) Oliver Henry Shoup
17%
R(1939-1943) Ralph Carr
17%
D(1937-1937) Ray Herbert Talbot
17%
D(1957-1963) Stephen McNichols
17%
D(1937-1939) Teller Ammons
17%
D(1923-1925) William Ellery Sweet
17%
D(1947-1950) William Lee Knous
17%
No matching quizzes found
Score Distribution
Percent of People with Each Score
Percentile by Number Answered
Your Score History
You have not taken this quiz